Evropa očima Čechů : sborník ze sympozia konaného v Centru Franze Kafky ve dnech 22.-23. října 1996 /

Další autoři: Hahnová, Eva, 1946-
Jazyk: Čeština
Vydáno: Praha : Nakladatelství Franze Kafky, 1997
Vydání: Vyd. 1.
Edice: Sborníky
Témata:
Externí odkaz: Digitalizovaný dokument
Fyzický popis: 211 s. ; 21 cm
Knihy
Uloženo v:
LEADER 01358nam a2200337 a 4500
001 000286736
003 CZ BrMZK
005 20160814174740.0
007 ta
008 010907s1997 xr f cze d
015 |a cnb000306866 
020 |a 80-85844-36-2 
035 |a (OCoLC)40964566 
040 |a BOA001  |b cze 
080 |a 943.71"19"(063)  |2 MRF 
245 0 0 |a Evropa očima Čechů :  |b sborník ze sympozia konaného v Centru Franze Kafky ve dnech 22.-23. října 1996 /  |c [uspořádala a úvodní poznámku napsala Eva Hahnová] 
250 |a Vyd. 1. 
260 |a Praha :  |b Nakladatelství Franze Kafky,  |c 1997 
300 |a 211 s. ;  |c 21 cm 
490 1 |a Sborníky 
653 0 |a evropské dějiny  |a české dějiny  |a češství 
700 1 |a Hahnová, Eva,  |d 1946-  |7 skuk0001548  |4 com  |4 wfw 
830 0 |a Sborníky 
856 4 1 |u http://www.digitalniknihovna.cz/mzk/uuid/uuid:9da753e0-89bd-11e3-997d-005056827e52  |y Digitalizovaný dokument  |x NDK 
910 |a BOA001  |b 2-1042.154  |b PK-0130.223 
920 |a 000325350 
964 |a Česko  |x dějiny  |z stol.20.  |x sborníky 
964 |a Evropa  |x dějiny  |z stol.20.  |x sborníky 
990 |a BK 
996 6 |b 2610065955  |c 2-1042.154  |l MZK  |r Sklad / do 1 hodiny  |n 20  |p p.v.  |w 000286736  |u 000010  |a 1  |e BOA001  |j MZK50  |s P 
996 7 |b 3119013091  |c PK-0130.223  |l MZK  |r Sklad / do 1 hodiny  |n 21  |p kup  |w 000286736  |u 000020  |a 1  |e BOA001  |j MZK50  |s A